[Event "Gibraltar Challengers A 2020"]
[Site "Caleta"]
[Date "2020.01.24"]
[Round "5.15"]
[White "Verhoef, Jaap"]
[Black "Meszaros, Andras"]
[Result "0-1"]
[WhiteElo "2015"]
[BlackElo "2244"]
[Annotator "TA"]
[PlyCount "40"]
[EventDate "2020.01.20"]
[EventType "swiss"]
[EventCountry "GGB"]
[SourceTitle "playchess.com"]
[Source "ChessBase"]
[SourceQuality "1"]

{[%evp 20,40,37,26,49,50,75,63,70,61,116,59,94,93,95,62,69,-2,-13,-333,-344,-310,-284]} 1. e4 c5 2. Nf3 Nc6 3. d4 cxd4 4. Nxd4 g6 5. Be3 Bg7 6. Nc3 Nf6 7. Bc4 Qa5 8. O-O O-O 9. Bb3 d6 10. h3 Bd7 11. f4 a6 {B35: Sicilian: Accelerated Dragon with 5 Nc3: main line} (11... Rfc8 12. Nf3 Be8 13. Qe1 e6 14. Rd1 Rd8 15. g4 b5 16. f5 b4 17. Ne2 d5 18. fxe6 Nxe4 19. Nf4 {½-½ (35) Caruana,F (2804)-Mamedyarov,S (2746) Shamkir 2016}) 12. Nf3 Rad8 13. Qe1 Bc8 $146 {White is slightly better.} ({Predecessor:} 13... e6 14. Rd1 Bc8 15. Qf2 Rd7 16. f5 gxf5 17. Bb6 Qb4 18. exf5 Nd8 19. Ng5 Nd5 20. Nxd5 exd5 21. Rxd5 Bxb2 22. a3 Bxa3 23. Bd4 Re7 24. Nxh7 f6 25. Nxf6+ {1-0 (25) Forgach,A-Just,H Germany 1989}) 14. g4 h5 (14... e6 $14) 15. g5 (15. f5 $16) 15... Nxe4 16. Nxe4 Bxh3 17. Qxa5 Nxa5 {[%cal Bc6a5,Ba5b3,Bb3a1][%mdl 32]} 18. Bb6 ({Better is} 18. Rf2 $14) 18... Nxb3 $11 19. Bxd8 $4 {[%mdl 8192] [#]} (19. axb3 $11 {and White has nothing to worry.} Bxf1 20. Bxd8) 19... Nxa1 $19 20. Rxa1 Rxd8 {Accuracy: White = 17%, Black = 15%.} 0-1

[Event "Gibraltar Challengers A 2020"]
[Site "Caleta"]
[Date "2020.01.24"]
[Round "5.16"]
[White "Filipovich, David"]
[Black "Tejaswini, Sagar"]
[Result "1/2-1/2"]
[WhiteElo "1995"]
[BlackElo "2180"]
[Annotator "TA"]
[PlyCount "109"]
[EventDate "2020.01.20"]
[EventType "swiss"]
[EventCountry "GGB"]
[SourceTitle "playchess.com"]
[Source "ChessBase"]
[SourceQuality "1"]

{[%evp 20,109,54,16,7,0,0,-9,43,43,100,95,100,86,91,30,48,48,101,84,72,70,91,63,50,60,348,335,317,242,227,158,182,152,243,207,381,320,510,300,748,727,753,738,654,583,511,343,509,48,108,103,95,84,194,82,204,166,205,183,184,185,181,177,183,172,278,274,325,318,291,285,304,304,296,311,285,289,495,495,457,448,504,510,492,471,462,411,356,0,416,0]} 1. Nf3 Nf6 2. g3 g6 3. Bg2 Bg7 4. O-O O-O 5. d4 d5 6. c4 dxc4 7. Na3 c3 8. bxc3 c5 9. e3 Nc6 10. Bb2 Bf5 11. Qe2 Qb6 {D77: Fianchetto Grünfeld: 6 0-0: Replies other than 6...c6} 12. Rfd1 (12. Rfc1 Rfd8 13. Nc4 Qa6 14. a4 Na5 15. Nfd2 Be6 16. Bf1 Bxc4 17. Nxc4 Nb3 18. Qf3 Nxa1 19. Rxa1 cxd4 20. cxd4 {0-1 (28) Van Kampen,R (2643)-Gharamian,T (2626) Germany 2017}) 12... Rfd8 13. c4 Qa6 $146 (13... Ne4 $11) ({Predecessor:} 13... Ne4 14. Nb5 a6 15. Nc3 cxd4 16. exd4 Nxd4 17. Nxd4 Rxd4 18. Bxe4 Bxe4 {0-1 (48) Deforel,J (2068)-Gornoi,M (2277) LSS email 2008}) 14. Nb5 Rac8 (14... cxd4 $14 15. Nfxd4 Nxd4 16. exd4 Qa4) 15. d5 $16 Na5 16. Nd2 Bg4 {[#]} 17. f3 (17. Bf3 $1 $16 {[%cal Rf3g4]} Bd7 18. a4) 17... Bd7 $11 18. a4 Qb6 ({Black should try} 18... e6 $14) 19. Rab1 a6 20. Nc3 Qc7 21. e4 Ne8 22. f4 Bxc3 $2 {[%mdl 8192]} (22... Bd4+ $14 23. Kh1 Nd6) 23. Bxc3 $18 Bxa4 24. Re1 b5 25. e5 {[%mdl 1024] White has strong compensation.} b4 26. Ba1 Ng7 (26... e6 $16) 27. g4 Nb7 $2 (27... Bc2) 28. Rf1 a5 (28... Na5 {might work better.} 29. Qd3 Nc6) 29. f5 Qb6 $2 (29... gxf5 30. Qe3 f6 31. gxf5 (31. exf6 exf6 32. Bxf6 Rf8 $16) 31... Rf8) 30. f6 exf6 31. Rxf6 Qc7 32. Qf3 Rf8 33. d6 Qc6 (33... Bc6 $142) 34. Qxc6 $2 (34. Qh3 $18 Qd7 35. Ne4) 34... Bxc6 {[#]} ({Black should play} 34... Rxc6 $14 35. Rf2 Rb6) 35. d7 $1 $16 {[%cal Rd7c8][%mdl 576] Deflection} Bxd7 {aiming for ...Nd8.} 36. Bxb7 Rcd8 (36... Rc7 $16 37. Bd5 Ne6) 37. Ra6 (37. Ne4 $18) 37... Bxg4 (37... Bc8 $16 38. Bxc8 Rxd2) 38. Bd5 Be6 39. Rxa5 Bxd5 40. cxd5 Rxd5 41. Ne4 $36 {[%mdl 2048] Nf6+ is the strong threat. White is in control.} Nh5 42. Rxc5 Rd3 (42... Rxc5 {was worth a try.} 43. Nxc5 Rd8) 43. Rb5 $18 Rfd8 {With the idea ...Rd1+.} 44. R5xb4 h6 45. Rb8 Kh7 {intending ...Rxb8.} 46. Rxd8 Rxd8 47. Kf2 Ra8 48. Bc3 Nf4 $2 (48... g5 {was necessary.} 49. Rb7 Ra2+ 50. Bd2 Kg6 51. Rb6+ Kf5) 49. Rb7 Kg8 50. Nd6 Ra2+ 51. Kf3 {Black must now prevent Rb8+.} Ne6 52. Bb2 Ra4 53. Rb8+ Kh7 54. Rb7 Kg8 55. Rb8+ $2 {Accuracy: White = 56%, Black = 34%.} (55. Bc1 $18) 1/2-1/2

[Event "Gibraltar Challengers A 2020"]
[Site "Caleta"]
[Date "2020.01.24"]
[Round "5.17"]
[White "Alami, Halim"]
[Black "Lipecki, Alexander"]
[Result "0-1"]
[WhiteElo "1987"]
[BlackElo "2152"]
[Annotator "TA"]
[PlyCount "52"]
[EventDate "2020.01.20"]
[EventType "swiss"]
[EventCountry "GGB"]
[SourceTitle "playchess.com"]
[Source "ChessBase"]
[SourceQuality "1"]

{[%evp 9,74,-16,21,14,13,19,19,20,25,15,43,0,0,0,0,-4,13,12,12,-7,0,-11,-11,-50,-38,-34,-31,-190,-184,-207,-201,-608,-600,-668,-666,-666,-652,-766,-762,-763,-760,-5481,-5070,-4870,-2139,-1160,-1166,-5118,-695,-1116,-1110,-1097,-1103,-1094,-1060,-1062,-1031,-993,-910,-893,-881,-2451,-2404,-1602,-1097,-973,-889]} 1. f4 e6 2. Nf3 Nf6 3. e3 d5 4. d4 c5 5. c3 cxd4 (5... Nc6 6. Bd3 Ne4 7. O-O f5 8. Nbd2 Be7 9. Kh1 O-O 10. Qc2 Bd7 11. a3 {½-½ (11) Drazic,S (2538)-Ljubicic,F (2361) Split 2010}) 6. exd4 {D00: 1 d4 d5: Unusual lines} Nc6 7. Bd3 Ne4 8. O-O {The position is equal.} f5 9. Nbd2 Qb6 10. Bxe4 $146 ({Predecessor:} 10. Kh1 Be7 11. Ne5 O-O 12. Ndf3 Nxe5 13. Nxe5 Rf6 14. Bxe4 fxe4 15. Qh5 Bd6 16. g4 Bxe5 17. dxe5 Rh6 18. Qe8# {1-0 (18) Nguyen,B-Ngo,M Dong Thap 2000}) 10... dxe4 11. Nc4 Qc7 12. Nfe5 g6 13. a4 Bg7 14. b3 O-O $1 15. Ba3 {aiming for Bd6.} Rd8 16. Qe1 b6 17. Nxc6 Qxc6 18. Be7 $2 ({Better is} 18. Rf2 $15) 18... Rd7 $19 19. Qh4 Ba6 20. Ne5 $2 (20. a5) 20... Bxe5 {Black is clearly winning.} 21. fxe5 Bxf1 22. Rxf1 Qxc3 {[%mdl 64] [#] Double Attack} 23. Bf6 Qxd4+ 24. Kh1 e3 25. Qg3 e2 {[%cal Re2f1]} 26. Re1 Rc8 {Played: Qd4-d1} 0-1

[Event "Gibraltar Challengers A 2020"]
[Site "Caleta"]
[Date "2020.01.24"]
[Round "5.18"]
[White "Vila Dupla, Aurelio"]
[Black "Herzwurm, Robert"]
[Result "1-0"]
[WhiteElo "2092"]
[BlackElo "1979"]
[Annotator "NA RC"]
[PlyCount "139"]
[EventDate "2020.01.20"]
[EventType "swiss"]
[EventCountry "GGB"]
[SourceTitle "playchess.com"]
[Source "ChessBase"]
[SourceQuality "1"]
[TimeControl "6600+10"]

1. Nf3 {[%emt 0:07:06]} Nf6 {[%emt 0:00:00]} 2. c4 {[%emt 0:00:23]} g6 {[%emt 0:00:15]} 3. g3 {[%emt 0:00:08]} Bg7 {[%emt 0:00:11]} 4. Bg2 {[%emt 0:00:07]} O-O {[%emt 0:00:08]} 5. O-O {[%emt 0:00:04]} d6 {[%emt 0:01:36]} 6. d4 {[%emt 0:00:25]} c5 {[%emt 0:00:41]} 7. Nc3 {[%emt 0:00:09]} Nc6 {[%emt 0:00:12]} 8. e3 {[%emt 0:05:54]} Bd7 {[%emt 0:03:34]} 9. Re1 {[%emt 0:06:41] E65: King's Indian: Fianchetto: 6...c5 7 0-0 without d5 by White} (9. b3 cxd4 10. exd4 a6 11. a4 Rc8 12. Re1 d5 13. c5 Bg4 14. h3 Bxf3 15. Bxf3 e6 16. Rb1 Nxd4 17. Qxd4 {1-0 (48) Nepomniachtchi,I (2721)-Wang,H (2735) Beijing 2013}) 9... Rb8 {[%emt 0:02:44]} 10. h3 $146 {[%emt 0:16:32]} ({Predecessor:} 10. b3 Qc8 11. Bb2 Bh3 12. Bh1 a6 13. a4 b6 14. Ne2 Nb4 15. Bc3 Ne4 16. Bxb4 cxb4 {0-1 (74) Sultana,Z (1964)-Comas Colon,R (1762) Tromsoe 2014}) 10... a6 {[%emt 0:05:38]} 11. Qe2 {[%emt 0:18:26]} Re8 {[%emt 0:18:37]} 12. Rd1 {[%emt 0:07:55]} Qc8 {[%emt 0:04:33]} 13. Kh2 {[%emt 0:00:26]} Na5 {[%emt 0:05:21]} 14. Bf1 {[%emt 0:11:06]} b5 {[%emt 0:03:18]} 15. cxb5 {[%emt 0:00:58]} axb5 {[%emt 0:00:22]} 16. dxc5 {[%emt 0:00:56]} Qxc5 {[%emt 0:02:23]} 17. e4 {[%emt 0:00:31]} b4 {[%emt 0:15:26]} 18. Nd5 {[%emt 0:00:48]} Bb5 {[%emt 0:01:45]} 19. Qe1 {[%emt 0:02:34]} Bxf1 {[%emt 0:04:11]} 20. Nxf6+ {[%emt 0:00:08]} Bxf6 {[%emt 0:00:24]} 21. Qxf1 {[%emt 0:00:03]} Qc2 {[%emt 0:04:21]} 22. Re1 {[%emt 0:00:28]} Rec8 {[%emt 0:04:36]} 23. e5 {[%emt 0:00:43]} dxe5 {[%emt 0:01:06]} 24. Nxe5 {[%emt 0:00:10]} Qf5 {[%emt 0:04:48]} ({Better is} 24... Ra8 $15 25. Re2 Qa4) 25. Ng4 {[%emt 0:03:45]} Bg7 {[%emt 0:01:10]} (25... Qd5 $11 {remains equal.}) 26. Bf4 {[%emt 0:01:36]} Rb6 $2 {[%emt 0:05:34] [#]} (26... Ra8 $1 $11) 27. Rxe7 $2 {[%emt 0:01:07]} ({White must play} 27. Re5 $1 $18 {[%cal Re5f5][%mdl 512]} Bxe5 28. Nh6+ {[%mdl 64] Double Attack} Kf8 29. Nxf5 Bxf4 30. gxf4) 27... Nc6 {[%emt 0:01:18]} 28. Re2 {[%emt 0:00:19]} ({White should play} 28. Rc7 $14 Rxc7 29. Bxc7) 28... Nd4 {[%emt 0:00:29]} 29. Be3 $1 {[%emt 0:01:37]} Nf3+ {[%emt 0:02:30]} 30. Kh1 {[%emt 0:00:05]} Re6 {[%emt 0:01:15]} 31. Rd1 {[%emt 0:02:20]} Qe4 {[%emt 0:00:49]} 32. Qg2 {[%emt 0:00:10]} h5 {[%emt 0:00:11]} 33. Nh2 {[%emt 0:00:07]} Nxh2 {[%emt 0:01:49]} 34. Qxe4 {[%emt 0:00:11]} Rxe4 {[%emt 0:00:03]} 35. Kxh2 {[%emt 0:00:14]} Bh6 {[%emt 0:07:01]} 36. Rd4 {[%emt 0:03:01]} Rce8 {[%emt 0:00:07]} 37. Rxe4 {[%emt 0:00:06]} Rxe4 {[%emt 0:00:07]} 38. Kg2 {[%emt 0:00:09]} b3 {[%emt 0:01:35]} 39. a4 {[%emt 0:07:25]} ({Better is} 39. axb3 $16 Bg7 40. Rd2) 39... Bg7 $1 {[%emt 0:00:17]} 40. a5 {[%emt 0:00:08]} Ra4 $1 {[%emt 0:00:21]} 41. Bb6 {[%emt 0:00:06]} Ra2 $1 {[%emt 0:00:38]} 42. Re3 {[%emt 0:06:11]} Rxb2 {[%emt 0:00:48]} 43. a6 {[%emt 0:00:15]} Ra2 {[%emt 0:00:10]} 44. a7 {[%emt 0:00:09]} b2 {[%emt 0:00:09]} 45. Rb3 {[%emt 0:00:02]} g5 {[%emt 0:01:55]} 46. Bc5 {[%emt 0:00:52]} Ra4 {[%emt 0:01:24]} 47. Kf3 {[%emt 0:02:45]} Kh7 {[%emt 0:00:42]} 48. g4 {[%emt 0:00:24]} hxg4+ {[%emt 0:00:36]} 49. hxg4 {[%emt 0:00:01]} Kg6 {[%emt 0:00:08]} 50. Ke2 {[%emt 0:00:07]} Ra2 {[%emt 0:00:42]} 51. Kd3 {[%emt 0:00:09]} Ra1 {[%emt 0:00:13]} 52. Rb6+ {[%emt 0:01:15]} Kh7 {[%emt 0:00:01]} 53. Rb4 {[%emt 0:00:34]} Kg6 {[%emt 0:00:01]} 54. Be3 {[%emt 0:00:11]} Ra3+ {[%emt 0:00:07]} 55. Kc2 {[%emt 0:00:05]} Rc3+ {[%emt 0:00:02]} 56. Kd2 {[%emt 0:00:13]} Ra3 {[%emt 0:00:02]} 57. Rb6+ {[%emt 0:00:15]} Kh7 {[%emt 0:00:03]} 58. Rb7 {[%emt 0:00:01]} Kg6 {[%emt 0:00:04]} 59. Rb6+ $2 {[%emt 0:00:25]} (59. Kc2 $18) 59... Kh7 {[%emt 0:00:01]} 60. Rb5 {[%emt 0:00:03]} Kg6 {[%emt 0:00:04]} 61. Rxg5+ {[%emt 0:00:05]} Kh7 {[%emt 0:00:03]} 62. Rb5 {[%emt 0:00:02]} Bc3+ {[%emt 0:01:08]} 63. Kc2 {[%emt 0:00:22]} Bg7 {[%emt 0:00:03]} 64. Rb7 $18 {[%emt 0:00:08]} Ra1 {[%emt 0:00:13]} 65. f4 {[%emt 0:00:12]} Ra3 {[%emt 0:00:28]} 66. Bd2 {[%emt 0:00:26]} Bd4 {[%emt 0:00:16]} 67. Rxf7+ {[%emt 0:00:09]} Kg8 {[%emt 0:00:01]} 68. Rb7 {[%emt 0:00:13]} Bxa7 {[%emt 0:00:17]} 69. Kxb2 {[%emt 0:00:13]} Rg3 {[%emt 0:00:07]} 70. Rxa7 {[%emt 0:00:07]} 1-0

[Event "Gibraltar Challengers A 2020"]
[Site "Caleta"]
[Date "2020.01.24"]
[Round "5.19"]
[White "Stolniceanu, Victor-Dumitru"]
[Black "Gostelow, David W"]
[Result "0-1"]
[WhiteElo "2074"]
[BlackElo "1901"]
[Annotator "NA RC"]
[PlyCount "96"]
[EventDate "2020.01.20"]
[EventType "swiss"]
[EventCountry "GGB"]
[SourceTitle "playchess.com"]
[Source "ChessBase"]
[SourceQuality "1"]
[TimeControl "6600+10"]

1. e4 {[%emt 0:00:56]} c5 {[%emt 0:00:00]} 2. Nf3 {[%emt 0:00:13]} Nc6 {[%emt 0:00:00]} 3. Bb5 {[%emt 0:00:13]} g6 {[%emt 0:00:00]} 4. O-O {[%emt 0:00:10]} Bg7 {[%emt 0:00:18]} 5. Bxc6 {[%emt 0:00:10]} dxc6 {[%emt 0:00:24]} 6. d3 {[%emt 0:00:09]} Bg4 {[%emt 0:00:42]} 7. Nbd2 {[%emt 0:00:13]} Qc7 {[%emt 0:03:14]} 8. h3 {[%emt 0:00:08]} h5 {[%emt 0:02:49]} 9. Re1 {[%emt 0:01:27]} Bd7 {[%emt 0:21:55]} 10. Rb1 {[%emt 0:01:46]} (10. e5 $16) 10... Nh6 {[%emt 0:02:36]} (10... e5 $14) 11. b3 {[%emt 0:00:08]} O-O-O {[%emt 0:06:57]} 12. Bb2 {[%emt 0:00:12]} ({Better is} 12. Nc4 $16) 12... Bxb2 {[%emt 0:08:43]} 13. Rxb2 {[%emt 0:00:57]} g5 {[%emt 0:00:06]} 14. Nxg5 {[%emt 0:00:48]} Qe5 {[%emt 0:00:35]} 15. Nxf7 {[%emt 0:00:52]} Nxf7 {[%emt 0:02:14]} 16. Nc4 {[%emt 0:00:09]} Qg7 {[%emt 0:00:30]} 17. e5 {[%emt 0:01:01]} Bxh3 {[%emt 0:03:19]} 18. Qf3 {[%emt 0:00:07]} Bg4 {[%emt 0:01:01]} 19. Qe3 {[%emt 0:00:01]} Rd5 {[%emt 0:13:23]} 20. f4 {[%emt 0:01:19]} Rg8 {[%emt 0:02:54]} 21. c3 {[%emt 0:00:15]} Bf5 {[%emt 0:02:40]} 22. Rd1 {[%emt 0:00:26]} Qg3 {[%emt 0:01:11]} 23. Rbd2 {[%emt 0:00:43]} b5 {[%emt 0:04:17]} 24. Qxg3 {[%emt 0:00:23]} Rxg3 {[%emt 0:00:02]} 25. Nb2 {[%emt 0:00:10]} h4 {[%emt 0:00:42]} 26. Kf2 {[%emt 0:00:30]} Nh6 {[%emt 0:00:18]} 27. Rh1 {[%emt 0:00:33]} Ng4+ {[%emt 0:01:30]} 28. Kg1 {[%emt 0:00:07]} Bxd3 {[%emt 0:06:10]} 29. Rxh4 {[%emt 0:00:31] [#]} Be4 $1 {[%emt 0:01:01]} 30. Re2 {[%emt 0:01:25]} Bf3 {[%emt 0:00:58]} 31. Rf2 {[%emt 0:00:01]} Nxf2 {[%emt 0:01:16]} 32. Kxf2 {[%emt 0:00:08]} Rxg2+ {[%emt 0:00:05]} 33. Kxf3 {[%emt 0:00:21]} Rxb2 {[%emt 0:00:03]} 34. Ke4 {[%emt 0:00:12]} Rxa2 {[%emt 0:02:13]} 35. Kf5 {[%emt 0:00:19]} Kd7 {[%emt 0:00:25]} 36. Rh8 {[%emt 0:00:26]} Ra3 {[%emt 0:02:30]} 37. Rb8 {[%emt 0:00:18]} Rxb3 {[%emt 0:03:07]} 38. Rb7+ {[%emt 0:01:58]} Kd8 {[%emt 0:02:34]} 39. Ke6 {[%emt 0:00:22]} Rxc3 {[%emt 0:00:40]} 40. Rxe7 {[%emt 0:00:36]} Rf3 {[%emt 0:00:42]} 41. Rf7 {[%emt 0:00:17]} c4 {[%emt 0:00:50]} 42. Kf5 {[%emt 0:00:12]} Rd4 {[%emt 0:01:04]} 43. Kg4 {[%emt 0:00:17]} Rdxf4+ {[%emt 0:00:13]} 44. Rxf4 {[%emt 0:00:15]} Rxf4+ {[%emt 0:00:06]} 45. Kxf4 {[%emt 0:00:05]} Ke7 {[%emt 0:00:07]} 46. Ke4 {[%emt 0:00:04]} c3 {[%emt 0:00:21]} 47. Kd3 {[%emt 0:00:16]} b4 {[%emt 0:00:12]} 48. Kc2 {[%emt 0:00:01]} Ke6 {[%emt 0:00:11]} 0-1

[Event "Gibraltar Challengers A 2020"]
[Site "Caleta"]
[Date "2020.01.24"]
[Round "5.20"]
[White "Manukonda Arun"]
[Black "Vinal Gutierrez, Pedro"]
[Result "1-0"]
[WhiteElo "1959"]
[BlackElo "2069"]
[Annotator "NA RC"]
[PlyCount "83"]
[EventDate "2020.01.20"]
[EventType "swiss"]
[EventCountry "GGB"]
[SourceTitle "playchess.com"]
[Source "ChessBase"]
[SourceQuality "1"]
[TimeControl "6600+10"]

1. e4 {[%emt 0:00:00]} e5 {[%emt 0:00:14]} 2. Nf3 {[%emt 0:01:26]} Nc6 {[%emt 0:00:10]} 3. Bb5 {[%emt 0:04:53]} Nf6 {[%emt 0:01:06]} 4. O-O {[%emt 0:01:36]} d6 {[%emt 0:00:11]} 5. Re1 {[%emt 0:02:50]} Be7 {[%emt 0:00:17]} 6. c3 {[%emt 0:00:33]} O-O {[%emt 0:00:12]} 7. d4 {[%emt 0:00:23]} exd4 {[%emt 0:00:53]} 8. cxd4 {[%emt 0:01:55]} Bg4 {[%emt 0:00:08]} 9. Bxc6 {[%emt 0:01:18] C66: Ruy Lopez: Steinitz Defence} bxc6 {[%emt 0:00:10]} 10. Nc3 {[%emt 0:00:09]} (10. h3 Bh5 11. Nbd2 h6 12. Nf1 Bg6 13. Ng3 Bh7 14. Qa4 Qe8 15. Nh4 d5 16. exd5 cxd5 {1-0 (60) Ribeiro,R (2200)-Roussel,S (2020) Avoine 2017}) 10... Rb8 {[%emt 0:00:24]} 11. h3 {[%emt 0:00:47]} Bh5 {[%emt 0:00:17]} 12. Qd3 {[%emt 0:03:17]} h6 {[%emt 0:02:22]} 13. Nh2 $146 {[%emt 0:01:49]} (13. Nd2 $14) ({Predecessor:} 13. e5 Nd5 14. Qc4 Nb4 15. Rd1 d5 16. Qe2 Qc8 {0-1 (16) Zabala,F (2040)-Gomez Barrero,S (2050) Medellin 2011}) 13... d5 {[%emt 0:02:18]} 14. e5 {[%emt 0:03:01]} Bg6 $2 {[%emt 0:00:16] [#]} (14... Nd7 $14) 15. exf6 $1 {[%emt 0:10:01]} Bxd3 {[%emt 0:00:12]} 16. fxe7 {[%emt 0:00:10]} Qd7 {[%emt 0:00:16]} 17. exf8=Q+ {[%emt 0:00:18]} Rxf8 {[%emt 0:00:44]} 18. Bd2 {[%emt 0:03:47]} Qd6 {[%emt 0:02:01]} 19. Na4 {[%emt 0:04:18]} Rb8 {[%emt 0:00:39]} 20. b3 {[%emt 0:01:42]} Qf6 {[%emt 0:00:22]} 21. Re5 {[%emt 0:02:45]} Be4 {[%emt 0:01:30]} 22. Nc5 {[%emt 0:02:36]} Qg6 {[%emt 0:00:41]} 23. Nxe4 {[%emt 0:01:06]} dxe4 {[%emt 0:00:08]} 24. Rc1 {[%emt 0:09:00]} Rd8 {[%emt 0:01:29]} 25. Be3 {[%emt 0:00:44]} f5 {[%emt 0:00:47]} 26. Rec5 {[%emt 0:02:55]} Rd6 {[%emt 0:01:45]} 27. Bf4 {[%emt 0:00:30]} Rxd4 {[%emt 0:02:22]} 28. Rxc6 {[%emt 0:01:04]} Qh5 {[%emt 0:00:11]} 29. Rxc7 {[%emt 0:03:11]} Qe2 {[%emt 0:00:34]} 30. Rxa7 {[%emt 0:09:01]} Rd1+ {[%emt 0:00:28]} 31. Rxd1 {[%emt 0:00:06]} Qxd1+ {[%emt 0:00:04]} 32. Nf1 {[%emt 0:00:07]} g5 {[%emt 0:00:14]} 33. Bd2 {[%emt 0:02:21]} f4 {[%emt 0:00:24]} 34. b4 {[%emt 0:00:14]} Qb1 $2 {[%emt 0:01:47]} (34... e3 35. fxe3 f3) 35. a4 {[%emt 0:00:11]} Qb2 {[%emt 0:00:10]} 36. b5 {[%emt 0:01:57]} Qd4 {[%emt 0:00:05]} 37. Ra6 {[%emt 0:02:15]} Kh7 {[%emt 0:00:28]} 38. b6 {[%emt 0:01:48]} Qe5 {[%emt 0:01:21]} 39. a5 {[%emt 0:01:49]} h5 {[%emt 0:00:12]} 40. b7 {[%emt 0:03:04]} g4 {[%emt 0:00:07]} 41. Rb6 {[%emt 0:01:09]} Qb8 {[%emt 0:00:17] [#]} 42. Bxf4 {[%emt 0:00:56]} 1-0

[Event "Gibraltar Challengers A 2020"]
[Site "Caleta"]
[Date "2020.01.24"]
[Round "5.21"]
[White "O`Neil, Jim"]
[Black "Kukic, Boris"]
[Result "1-0"]
[WhiteElo "1870"]
[BlackElo "2056"]
[Annotator "NA RC"]
[PlyCount "74"]
[EventDate "2020.01.20"]
[EventType "swiss"]
[EventCountry "GGB"]
[SourceTitle "playchess.com"]
[Source "ChessBase"]
[SourceQuality "1"]
[TimeControl "6600+10"]

1. d4 {[%emt 0:00:00]} d5 {[%emt 0:04:04]} 2. c4 {[%emt 0:00:00]} e6 {[%emt 0:00:02]} 3. Nc3 {[%emt 0:00:04]} c6 {[%emt 0:00:10]} 4. cxd5 {[%emt 0:00:01]} exd5 {[%emt 0:00:08]} 5. Bf4 {[%emt 0:00:01]} Bf5 {[%emt 0:00:54]} 6. e3 {[%emt 0:00:01]} Qb6 {[%emt 0:00:23] D31: Queen's Gambit Declined: Semi-Slav without ...Nf6 (+ Marshall Gambit and Noteboom) and Exchange Variation lines without ...Nf6} 7. Qb3 {[%emt 0:03:12]} Nf6 {[%emt 0:01:00]} 8. Nf3 {[%emt 0:02:03]} Nbd7 {[%emt 0:00:51]} 9. Be2 {[%emt 0:00:12]} Nh5 {[%emt 0:03:18]} 10. Be5 {[%emt 0:01:44]} Nhf6 $146 {[%emt 0:02:13]} ({Predecessor:} 10... Nxe5 11. dxe5 g6 12. Nd4 Ng7 13. O-O-O Be7 14. g4 Be6 15. f4 f6 {0-1 (58) Salimifard,B (2167)-Kotanjian,T (2510) Hamedan 2017}) 11. O-O {[%emt 0:02:56]} Qxb3 {[%emt 0:00:46]} 12. axb3 {[%emt 0:00:25]} a6 {[%emt 0:00:50]} 13. Rfc1 {[%emt 0:06:18]} Be7 {[%emt 0:01:29]} 14. Nh4 {[%emt 0:03:17]} Be6 {[%emt 0:02:12]} 15. Nf3 {[%emt 0:02:55]} O-O {[%emt 0:00:29]} 16. Bd3 {[%emt 0:01:29]} Ne8 {[%emt 0:01:20]} 17. Bg3 {[%emt 0:03:06]} f6 {[%emt 0:00:35]} 18. Nh4 {[%emt 0:02:02]} g6 {[%emt 0:00:41]} 19. f4 {[%emt 0:02:31]} f5 {[%emt 0:02:52]} 20. Nf3 {[%emt 0:00:17]} Nef6 {[%emt 0:00:21]} 21. Ng5 {[%emt 0:00:43]} Bf7 {[%emt 0:00:15]} 22. Be1 {[%emt 0:02:02]} h6 {[%emt 0:01:05]} 23. Nf3 {[%emt 0:01:44]} Ne4 {[%emt 0:00:32]} 24. Ne5 {[%emt 0:00:14]} Nxe5 {[%emt 0:00:48]} 25. fxe5 {[%emt 0:00:26]} Be6 {[%emt 0:00:51]} 26. Ne2 {[%emt 0:06:37]} g5 {[%emt 0:01:22]} 27. Nc3 {[%emt 0:02:30]} Rf7 {[%emt 0:01:07]} 28. Na4 {[%emt 0:03:30]} Raf8 {[%emt 0:01:09]} 29. b4 {[%emt 0:00:45]} f4 {[%emt 0:01:12]} 30. exf4 {[%emt 0:00:54]} Rxf4 {[%emt 0:00:54]} 31. Bc3 {[%emt 0:02:38]} Nf2 {[%emt 0:04:36]} 32. Bc2 {[%emt 0:02:30]} Ng4 {[%emt 0:06:33]} 33. Nc5 {[%emt 0:02:59]} Bxc5 {[%emt 0:04:39]} 34. bxc5 {[%emt 0:00:07]} Rf2 {[%emt 0:00:34]} 35. Bd3 {[%emt 0:01:45]} Ne3 {[%emt 0:02:11]} 36. Bf1 {[%emt 0:01:46]} Bg4 {[%emt 0:03:30]} 37. g3 {[%emt 0:02:03]} (37. e6 $17 Bxe6 38. Rab1) 37... Be2 $17 {[%emt 0:03:48]} 1-0